Vo Východoslovenskom múzeu sprístupnili výstavu o prvej republike

Bibliographic Details
Main Author: Staško, Mojmír (Author)
Corporate Author: Východoslovenské múzeum (Author)
Format: Article
Language:Slovak
Subjects:

MARC

LEADER 00000nab a2200000 a 4500
001 vtls000898802
003 SK-MaSNL
005 20260304000929.0
008 040720e19981022xo 0 slo
035 |a KE7808 
040 |a KEVKJB  |b slo  |c KEVKJB  |e AACR2 
041 0 |a slo 
044 |a xo  |c SK 
080 |a 069.02  |2 1981 
100 1 |a Staško, Mojmír  |4 aut  |9 425454 
245 1 0 |a Vo Východoslovenskom múzeu sprístupnili výstavu o prvej republike 
610 2 7 |a Východoslovenské múzeum  |2 KEVKJB  |9 29561 
611 1 7 |a Město a krajina v období 1918-1938 (výstava)  |2 KEVKJB  |9 1277008 
650 0 7 |a výstavy  |2 KEVKJB  |9 2780 
650 0 7 |a vznik Československa (1918)  |2 KEVKJB  |9 134041 
650 0 7 |a výročie 80.  |2 KEVKJB  |9 883714 
650 0 7 |a informácie  |2 KEVKJB  |9 1285 
651 7 |a Košice (Slovensko)  |2 KEVKJB  |9 18694 
651 7 |a KE,  |2 KEVKJB  |9 877256 
655 7 |a periodikum  |2 snkbucl  |9 29553 
710 2 |a Východoslovenské múzeum  |4 aut  |9 29561 
773 0 8 |t Korzár  |g Roč. 1, č.211, 22.10.1998, s. 4 
852 |a ZVYKNI  |b KIS3GCP 
999 |c 2533763  |d 2535693